000 00625nam a22001937a 4500
999 _c174625
_d174625
005 20200625161852.0
010 _a964624
020 _c30.00
_a-
035 _a964624
037 _bBPPD/PUB
_a-
082 _a891.5
100 _aقا ضی سجا د حسين
245 _aمّنو ی مو لو ی معنو ی
_cقا ضی سجا د حسين
246 _bMasnavi Moulvi Manvi (Urdu)
_aby Qazi Sajjad Hussain Sahab
260 _aDelhi
_bSabrang Kitab Ghar
_c1980 ء
270 _aSabrang Kitab Ghar Delhi
_bDelhi
_e110006
_k-
_l-
300 _a535 ص
_c22 Cm(Hb)
942 _2ddc
_cUR
_h891.5
_mس ج ا